000 01272nam a22003737a 4500
003 CHAP
005 20220329141348.0
008 971013s1986 r 00010 d
010 _a67050
011 _a68022
035 _a77494
040 _cCHAP
090 _aTesis
100 0 0 _aBenítez Galindo, Laurentino.
_911641
245 _aEficiencia económica de una empresa de ganado bovino de doble propósito en el trópico
260 _aChapingo, Méx. :
_bEl autor,
_c1986
300 _a53 h.
500 _a22-174
502 _aTesis (Ing. Agrónomo Esp. en Economía Agrícola) -- UACH. Departamento de Economía Agrícola
590 _aALEPH
_b10
_c20130110
_lUCH01
_h1401
590 _aBATCH-UPD
_b10
_c20130110
_lUCH01
_h1437
590 _aBATCH-UPD
_b10
_c20130410
_lUCH01
_h0911
590 _aBATCH-UPD
_b10
_c20130914
_lUCH01
_h0621
590 _aCONVERSION
_b10
_c20130109
_lUCH01
_h1337
650 1 4 _aEmpresas agropecuarias.
_936649
650 1 4 _aGanadería
_xChiapas.
_944668
650 1 4 _aGanadería
_xTrópicos.
_944856
650 1 4 _aGanadería
_zTabasco.
_944869
650 1 4 _aGanadería
_zVeracruz.
_944870
650 1 4 _aGanado vacuno
_xAspectos económicos.
_945436
901 _aBK
942 _cTESIS
949 _bBC
_cTES
_d-30363
_eTS1
_h20502
_i77494
_si
999 _c67050
_d67050